LEADER 00983nam a2200241 i 4500 001 000000203731 003 CaOOAMICUS 005 20110705000000.0 008 110705s1971 it u000 u fre u 013 $a182445 040 $aSeMil$bita 100 1 $aLidove, Marcel.$0(OLS)http://semarc/name/73550 245 14$aLes vendéens de 93 /$cMarcel Lidove. 260 $aParis :$bÉditions du Seuil,$ccopyr. 1971. 300 $a189 p. :$bill. ;$c18 cm. 490 0 $aMicrocosme. Le temps qui . Groupes sociaux ;$v41. 500 $aContiene : Bibliographie. 650 4$aFrancia - Storia - Sec. 18.$0(OLS)http://semarc/subject/1089 830 0$aMicrocosme. Le temps qui. Groupes sociaux ;$v41.$0(OLS)http://semarc/title/21508 850 $aSeMil 852 $aSeMil$W1$xVenegono$y1$m3U I 495$j154225$B154225$CSeMilBibl$Z2$F165102 $81 996 $6245$aLes vendéens de 93$9(OLS)http://semarc/title/295150 996 $6260$aParis :$bÉditions du Seuil$9(OLS)http://semarc/publisher/29806 LEADER 00897nam a2200229 i 4500 001 000000071471 003 CaOOAMICUS 005 20230505104740.0 008 070905s1969 fr u000 u fre u 040 $aSeMil$bita 100 1 $aJousse, Marcel,$d<1886-1961>.$0(OLS)http://semarc/name/35508 240 12$aL'anthropologie du geste.$0(OLS)http://semarc/title/443557 245 12$aL'antropologie du geste /$cMarcel Jousse. 264 1$aParis :$bResma,$c1969. 300 $a395 p., [1] c. di tav. ;$c22 cm. 650 4$aAntropologia culturale.$0(OLS)http://semarc/subject/2863 850 $aSeMil 852 $aSeMil$W1$xVenegono$y1$m2R V 246$j240078$B37624$CSeMilBibl$Z2$F37627 $81 961 $aRecupero: Altro 996 $6245$aL'antropologie du geste$9(OLS)http://semarc/title/114927 996 $6264$aParis :$bResma$9(OLS)http://semarc/publisher/42961